Pride of the nation Ratan Tata / (Record no. 37679)

MARC details
000 -LEADER
fixed length control field 00651nam a22001817a 4500
010 ## - LCCN (DPL NO)
LC control number ENG-97002
020 ## - INTERNATIONAL STANDARD BOOK NUMBER
International Standard Book Number 9788128812866
Terms of availability 95.00
035 ## - SYSTEM CONTROL NUMBER
System control number EN-80535
037 ## - SOURCE OF ACQUISITION
Source of stock number/acquisition DBAD/PUB
082 ## - DEWEY DECIMAL CLASSIFICATION NUMBER
Classification number 921
100 ## - MAIN ENTRY--PERSONAL NAME
Personal name Tiwari, Prateeksha M.
245 ## - TITLE STATEMENT
Title Pride of the nation Ratan Tata /
Statement of responsibility, etc by Prateeksha M. Tiwari
260 ## - PUBLICATION, DISTRIBUTION, ETC. (IMPRINT)
Place of publication, distribution, etc New Delhi
Name of publisher, distributor, etc Diamond Pocket Books
Date of publication, distribution, etc 2009
270 ## - ADDRESS
Address X-30, Okhla Industrial Area, Phase - II
City New Delhi
Postal code 110020
300 ## - PHYSICAL DESCRIPTION
Extent 176p.:
Other physical details ill.
Dimensions 21cm (pbk)
942 ## - ADDED ENTRY ELEMENTS (KOHA)
Source of classification or shelving scheme Dewey Decimal Classification
Item type English Books
Classification part 921
Call number suffix TAT
Holdings
Withdrawn status Lost status Not for loan Collection code Home library Current library Date acquired Source of acquisition Cost, normal purchase price Full call number Barcode Copy number Cost, replacement price Koha item type
    Not For Loan Non-fiction D.B.Act.Division D.B.Act.Division 26/07/2010 DBAD/PUB 95.00 921 TAT EN-80535 1 95.00 English Books

© Delhi Public Library
Hit Counter
free hit counter